Planeamiento de un sistema de mantenimiento en el área de moldeo de la empresa SUTTLE COSTA RICA
Bewaard in:
| Hoofdauteur: | |
|---|---|
| Andere auteurs: | |
| Formaat: | Boek |
| Gepubliceerd in: |
San José, C.R.
2001
|
| Onderwerpen: | |
| Tags: |
Voeg label toe
Geen labels, Wees de eerste die dit record labelt!
|
MARC
| LEADER | 00000nam a2200000Ia 4500 | ||
|---|---|---|---|
| 003 | 008800 | ||
| 005 | 20221231144200.0 | ||
| 008 | 140114s2001 cr a m 000 ||s d | ||
| 040 | |c cru CEDI | ||
| 090 | |a TFG 4359 | ||
| 100 | |a Blanco Montero, Ivannia |9 7688 | ||
| 245 | |a Planeamiento de un sistema de mantenimiento en el área de moldeo de la empresa SUTTLE COSTA RICA | ||
| 260 | |c 2001 |a San José, C.R. | ||
| 300 | |a xxi, 166 hojas : ilustraciones | ||
| 500 | |a Proyecto de graduación (licenciatura en ingeniería industrial)--Universidad de Costa Rica. Facultad de Ingeniería. Escuela de Ingeniería Industrial | ||
| 650 | |x SUTTLE COSTA RICA.. AREA DE MOLDEO |x FABRICAS |x TRANSPORTE - MANTENIMIENTO Y REPARACION |9 7690 | ||
| 700 | |9 7689 |a Chanto Ureña, Natalie | ||
| 942 | |c TFG | ||
| 999 | |c 18079 |d 18079 | ||
